000 01223nam1a2200313 i 4500
001 RU\NLR\bibl\1343866
005 20260405173651.0
035 _a(NLR Aleph) 001329011
090 _a788310
_c788310
100 _a20090319g20079999u y0rusy50 ca
101 0 _arus
_aeng
102 _aRU
105 _a||||z |||||
200 1 _aЧеченская Республика глазами созидателя
_dThe Chechen Republic from the view of the creator
_fДжалал Алиевич Кадиев
_zeng
210 _aМосква
_c[б. и.]
_d2007
215 _d23
300 _aАвт. также на англ. яз.: Kadiev Djalal Alievich
463 0 _10011291130
510 1 _6z01790
_aThe Chechen Republic from the view of the creator
_zeng
607 _aЧеченская Республика
_92080597
_3RU\NLR\auth\661256539
686 _aТ3(2Р-6Че)74
700 1 _4070
_8rus
_7ca
_aКадиев
_bД. А.
_gДжалал Алиевич
_3RU\NLR\auth\7775016
_957944
790 1 _4070
_8rus
_7ba
_aKadiev
_bD. A.
_gDžalal Alievič
_3RU\NLR\auth\7775018
_957946
801 0 _aRU
_bNLR
_c20090319
_gRCR
801 1 _aRU
_bNLR
_c20090319
852 _aNLR
_j2008-7/6396
942 _cBOOK